Statistics for Plants vs Zombies World Quiz

Click here to take the quiz!

General Stats

  • This quiz has been taken 28 times
  • The average score is 9 of 11

Answer Stats

NumberWorld% Correct
1stAncient Egypt
90%
2ndPirate Seas
86%
4thFar Future
86%
7thFrostbite Caves
86%
11thModern Day
86%
3rdWild West
81%
6thBig Wave Beach
81%
9thNeon Mixtape Tour
81%
10thJurassic Marsh
81%
5thDark Ages
76%
8thLost City
62%

Score Distribution

Percentile by Number Answered

Percent of People with Each Score

Your Score History

You have not taken this quiz